Seminar on hydrogen as an energy vector : its production, use and transportation, Brussels, 3 and 4 October 1978 : first results of projects funded by the European Communities /

Bibliographic Details
Corporate Author: Commission of the European Communities
Format: Book
Language:English
French
German
Italian
Published: Luxembourg : The Commission, Directorate-General Scientific and Technical Information and Information Management, 1978.
Series:EUR (Series) ; 6085.
Subjects:

MARC

Tag First Indicator Second Indicator Subfields
LEADER 00000cam a2200000 a 4500
001 in00000072905
005 20151008055950.0
008 820312s1978 be a b i10000 eng d
020 |a 9282505162 
035 |a (OCoLC)08241514 
035 |9 AAJ4835AM 
040 |a GZM  |c GZM  |d TXA  |d UtOrBLW 
041 0 |a eng  |a fre  |a ger  |a ita 
049 |a TXAM  |c [1407061] 
090 |a TP359.H8  |b S45 1978 
245 0 0 |a Seminar on hydrogen as an energy vector :  |b its production, use and transportation, Brussels, 3 and 4 October 1978 : first results of projects funded by the European Communities /  |c [compiled by] Directorate-General for Research, Science and Education, Commission of the European Communities. 
264 1 |a Luxembourg :  |b The Commission, Directorate-General Scientific and Technical Information and Information Management,  |c 1978. 
300 |a 592 pages :  |b illustrations ;  |c 23 cm. 
336 |a text  |b txt  |2 rdacontent 
337 |a unmediated  |b n  |2 rdamedia 
338 |a volume  |b nc  |2 rdacarrier 
500 |a "EUR 6085." 
504 |a Includes bibliographical references. 
650 0 |a Hydrogen as fuel  |v Congresses. 
650 0 |a Hydrogen  |v Congresses. 
710 2 |a Commission of the European Communities. 
830 0 |a EUR (Series) ;  |v 6085. 
999 |a MARS 
999 f f |s 844a7ee5-0104-38bf-b925-dbc1b1c48ed4  |i 1baf99f2-2481-31c8-9f5d-015d47e5d3c6  |t 0 
952 f f |p ric  |a Texas A&M University  |b Rellis Campus  |c Joint Library Facility  |d Remote Storage  |t 0  |e TP359.H8 S45 1978  |h Library of Congress classification  |i unmediated -- volume  |m A14811138758 
998 f f |a TP359.H8 S45 1978  |t 0  |l Remote Storage